[Event "9th OHRA Open"]
[Site "Amsterdam NED"]
[Date "1990.08.07"]
[Round "8"]
[White "Van Wely, Loek"]
[Black "Psakhis, Lev"]
[Result "1/2-1/2"]
[WhiteElo "2400"]
[BlackElo "2575"]
[EventDate "1990.07.30"]
[PlyCount "85"]

1.d4 Nf6 2.c4 e6 3.Nc3 Bb4 4.g3 Bxc3+ 5.bxc3 O-O 6.Bg2 d6 7.a4 Nbd7 8.Nf3 
Rb8 9.a5 b6 10.O-O Bb7 11.a6 Ba8 12.Ne1 Bxg2 13.Nxg2 Qe7 14.f3 d5 15.Qd3 
c5 16.cxd5 exd5 17.g4 Rfd8 18.h4 b5 19.Bf4 c4 20.Qd2 Ne8 21.Bxb8 Nxb8 22.
Qe3 Qd6 23.Qf4 Qb6 24.e4 Nxa6 25.Ne3 Nac7 26.exd5 a5 27.Rfe1 a4 28.Qe5 Qf6
29.Rab1 h6 30.Kg2 a3 31.Ra1 Qa6 32.Qe7 Ra8 33.Qd7 Qd6 34.Qxd6 Nxd6 35.Ra2 
b4 36.cxb4 Ncb5 37.Rea1 c3 38.Rc1 Rc8 39.Kf2 Nc4 40.Nxc4 Rxc4 41.Ke3 Kf8 
42.Re1 Rxd4 43.Rea1 1/2-1/2

[Event "9th OHRA Open"]
[Site "Amsterdam NED"]
[Date "1990.08.07"]
[Round "8"]
[White "Piket, Marcel"]
[Black "Bertholee, Rob"]
[Result "1-0"]
[WhiteElo "2350"]
[BlackElo "2360"]
[EventDate "1990.07.30"]
[PlyCount "105"]

1.d4 e6 2.Nf3 c5 3.e3 Nf6 4.Bd3 Nc6 5.c3 b6 6.O-O Bb7 7.Re1 Rc8 8.Nbd2 Be7
9.a3 d5 10.Qe2 O-O 11.b4 Qc7 12.Bb2 e5 13.Bf5 e4 14.Ne5 Rce8 15.Nxc6 Qxc6 
16.b5 Qd6 17.c4 cxd4 18.Bxd4 Bc8 19.Bxc8 Rxc8 20.a4 Qe6 21.Rec1 Bb4 22.
cxd5 Nxd5 23.Nf1 Nc3 24.Qb2 Qc4 25.Ng3 Rfd8 26.Rc2 Ba5 27.Rac1 Rxd4 28.
exd4 Qxd4 29.Nf5 Qb4 30.Qxb4 Bxb4 31.Kf1 Rc5 32.Ne7+ Kf8 33.Nc6 a5 34.bxa6
Rxc6 35.a7 Rc8 36.Rxc3 Bxc3 37.Rxc3 Ra8 38.Rc7 g6 39.Ke2 Kg7 40.Ke3 Kf6 
41.Kxe4 Ke6 42.Rb7 f5+ 43.Kd4 Kd6 44.Rxh7 Re8 45.Kc4 Kc6 46.Rg7 g5 47.Rxg5
Kb7 48.Rxf5 Re1 49.a5 Re4+ 50.Kd3 Rg4 51.axb6 Rxg2 52.Rf7+ Ka8 53.Rf8+ 1-0

[Event "9th OHRA Open"]
[Site "Amsterdam NED"]
[Date "1990.08.09"]
[Round "9"]
[White "Hansen, Curt"]
[Black "Visser, Yge"]
[Result "1-0"]
[WhiteElo "2560"]
[BlackElo "2340"]
[EventDate "1990.07.30"]
[PlyCount "75"]

1.c4 g6 2.d4 Nf6 3.Nc3 Bg7 4.e4 d6 5.Nf3 O-O 6.Be2 Na6 7.O-O e5 8.Re1 c6 
9.Bf1 Bg4 10.Be3 Qe7 11.d5 Nh5 12.h3 Bd7 13.dxc6 bxc6 14.Re2 Rfd8 15.Rd2 
Be8 16.Rb1 Nc7 17.c5 dxc5 18.Bxc5 Rxd2 19.Bxe7 Rxd1 20.Rxd1 Nb5 21.Na4 Nd4
22.Nxd4 exd4 23.Nc5 Nf4 24.Bc4 h6 25.h4 d3 26.g3 Ne2+ 27.Kf1 Rb8 28.Nxd3 
Nd4 29.Bc5 a5 30.Nf4 Nf3 31.Nxg6 Kh7 32.Kg2 Rxb2 33.Kxf3 Rc2 34.Nf8+ Kg8 
35.Rd8 Rxc4 36.Rxe8 Rc3+ 37.Kg2 f6 38.Ne6+ 1-0

[Event "9th OHRA Open"]
[Site "Amsterdam NED"]
[Date "1990.08.09"]
[Round "9"]
[White "Hellers, Ferdinand"]
[Black "Fedorowicz, John"]
[Result "1/2-1/2"]
[WhiteElo "2520"]
[BlackElo "2565"]
[EventDate "1990.07.30"]
[PlyCount "25"]

1.e4 c5 2.Nf3 d6 3.d4 cxd4 4.Nxd4 Nf6 5.Nc3 Nc6 6.Bg5 e6 7.Qd2 a6 8.O-O-O 
h6 9.Be3 Nxd4 10.Qxd4 Qc7 11.f4 b5 12.Be2 Bb7 13.Bf3 1/2-1/2

[Event "9th OHRA Open"]
[Site "Amsterdam NED"]
[Date "1990.08.09"]
[Round "9"]
[White "Stohl, Igor"]
[Black "Uhlmann, Wolfgang"]
[Result "0-1"]
[WhiteElo "2525"]
[BlackElo "2505"]
[EventDate "1990.07.30"]
[PlyCount "70"]

1.d4 Nf6 2.c4 g6 3.Nc3 Bg7 4.e4 d6 5.Be2 O-O 6.Nf3 e5 7.O-O Nc6 8.d5 Ne7 
9.Nd2 a5 10.a3 Bd7 11.Rb1 a4 12.b3 axb3 13.Nxb3 c5 14.dxc6 Bxc6 15.Qd3 Nh5
16.Bxh5 gxh5 17.Qh3 f5 18.Qxh5 fxe4 19.Qe2 Ng6 20.Nd5 Kh8 21.Qxe4 Ra4 22.
Qe2 Qh4 23.Nb4 Bd7 24.g3 Qh3 25.Bb2 Bh6 26.f3 Be6 27.Rbd1 Nf4 28.gxf4 Rg8+
29.Kh1 Bxc4 30.Qf2 Bxf4 31.Rg1 Rxg1+ 32.Rxg1 Bxb3 33.Rg4 Qh6 34.Nd3 Bd5 
35.Nxf4 Rxf4 0-1

[Event "9th OHRA Open"]
[Site "Amsterdam NED"]
[Date "1990.08.09"]
[Round "9"]
[White "Psakhis, Lev"]
[Black "Piket, Marcel"]
[Result "1-0"]
[WhiteElo "2575"]
[BlackElo "2350"]
[EventDate "1990.07.30"]
[PlyCount "81"]

1.e4 d6 2.d4 Nf6 3.f3 g6 4.c4 Bg7 5.Nc3 O-O 6.Nge2 c5 7.Be3 Nc6 8.d5 Ne5 
9.Ng3 h5 10.Be2 h4 11.Nf1 e6 12.Nd2 exd5 13.cxd5 a6 14.a4 Bd7 15.O-O b5 
16.axb5 axb5 17.Rxa8 Qxa8 18.Bxb5 Bxb5 19.Nxb5 Qa6 20.Nc3 Rb8 21.Qc2 Nh5 
22.b3 Rb4 23.Na2 Rb8 24.Nc1 Bf6 25.Kf2 Kg7 26.g4 hxg3+ 27.hxg3 Rh8 28.Rh1 
Qc8 29.Qd1 g5 30.Nc4 Nxc4 31.bxc4 Be5 32.Ne2 Kg6 33.f4 Nf6 34.Rxh8 Qxh8 
35.Kg2 gxf4 36.gxf4 Qh4 37.Qg1 Qg4+ 38.Kf1 Qxg1+ 39.Kxg1 Bb2 40.Ng3 Ng4 
41.Bd2 1-0

[Event "9th OHRA Open"]
[Site "Amsterdam NED"]
[Date "1990.08.09"]
[Round "9"]
[White "Van Riemsdijk, Herman Claudius"]
[Black "Dorfman, Iosif"]
[Result "1/2-1/2"]
[WhiteElo "2440"]
[BlackElo "2580"]
[EventDate "1990.07.30"]
[PlyCount "91"]

1.e4 c5 2.Nf3 d6 3.d4 cxd4 4.Nxd4 Nf6 5.Nc3 a6 6.Bg5 Nc6 7.Qd2 e6 8.O-O-O 
Bd7 9.f4 b5 10.Nxc6 Bxc6 11.Bd3 Be7 12.Rhe1 O-O 13.Kb1 b4 14.Ne2 Nxe4 15.
Bxe4 Bxe4 16.Bxe7 Qxe7 17.Ng3 d5 18.Nxe4 dxe4 19.Rxe4 Rfd8 20.Rd4 Rxd4 21.
Qxd4 g6 22.g3 Qb7 23.b3 h5 24.Kb2 a5 25.a3 Rc8 26.axb4 axb4 27.Qd7 Qa8 28.
Qe7 Qe4 29.Rd8+ Rxd8 30.Qxd8+ Kg7 31.Qd2 e5 32.c3 exf4 33.gxf4 bxc3+ 34.
Kxc3 Qc6+ 35.Kb2 Kh7 36.b4 Qc4 37.Ka3 h4 38.Qe3 Qc2 39.h3 Qc4 40.Qb3 Qc1+ 
41.Ka2 Qxf4 42.b5 Qf2+ 43.Kb1 Qe1+ 44.Kb2 Qe5+ 45.Ka2 Qe2+ 46.Kb1 1/2-1/2

[Event "9th OHRA Open"]
[Site "Amsterdam NED"]
[Date "1990.08.09"]
[Round "9"]
[White "Kuijf, Marinus"]
[Black "Dam, Ruurd"]
[Result "1/2-1/2"]
[WhiteElo "2445"]
[BlackElo "2270"]
[EventDate "1990.07.30"]
[PlyCount "100"]

1.e4 c5 2.Ne2 d6 3.Nbc3 Nf6 4.g3 g6 5.Bg2 Bg7 6.d3 Nc6 7.h3 Rb8 8.Be3 Bd7 
9.Qd2 b5 10.Bh6 O-O 11.Bxg7 Kxg7 12.O-O e5 13.f4 b4 14.Nd1 Nd4 15.Ne3 Nh5 
16.Kh2 Nxe2 17.Qxe2 exf4 18.gxf4 Qh4 19.Qf2 Qxf2 20.Rxf2 f5 21.exf5 Bxf5 
22.Nc4 Be6 23.Nxd6 Nxf4 24.Re1 Rb6 25.Rxf4 Rxd6 26.Rxf8 Kxf8 27.b3 Kf7 28.
Re5 Ra6 29.Rxc5 Rxa2 30.Kg3 a5 31.Bc6 Ke7 32.Ba4 Kd6 33.Rc6+ Kd5 34.Rc4 
Kd6 35.Rc6+ Kd5 36.h4 Bd7 37.Ra6 Bxa4 38.Rxa5+ Kd4 39.Rxa4 Rxa4 40.bxa4 
Kc3 41.a5 Kxc2 42.a6 b3 43.a7 b2 44.a8=Q b1=Q 45.Qe4 Qg1+ 46.Kf4 Qf1+ 47.
Kg5 Qxd3 48.Qg2+ Kc3 49.Qc6+ Kd2 50.Qg2+ Kc3 1/2-1/2

[Event "9th OHRA Open"]
[Site "Amsterdam NED"]
[Date "1990.08.09"]
[Round "9"]
[White "Bertholee, Rob"]
[Black "Nijboer, Friso"]
[Result "1-0"]
[WhiteElo "2360"]
[BlackElo "2485"]
[EventDate "1990.07.30"]
[PlyCount "71"]

1.Nc3 g6 2.d4 Bg7 3.e4 d6 4.Be2 Nf6 5.Nf3 O-O 6.O-O Nc6 7.d5 Nb8 8.h3 c6 
9.Re1 b5 10.dxc6 b4 11.Nd5 Nxc6 12.a3 Bb7 13.axb4 Nxd5 14.Qxd5 e6 15.Qb3 
Nd4 16.Nxd4 Bxd4 17.c3 Bxf2+ 18.Kxf2 Qh4+ 19.Kf1 Bxe4 20.Qd1 f5 21.Bf3 g5 
22.Be3 d5 23.Bxe4 fxe4+ 24.Kg1 Rf3 25.Qd2 Raf8 26.Rf1 g4 27.hxg4 Qxg4 28.
Rf2 h5 29.Rxa7 h4 30.Bd4 Rxf2 31.Bxf2 h3 32.Bd4 e5 33.Bxe5 h2+ 34.Kxh2 
Qh5+ 35.Kg1 Qxe5 36.Qh6 1-0